000 00720nam a2200229Ia 4500
003 OSt
005 20220923213837.0
006 a|||||r|||| 00| 0
007 ta
008 220922b |||||||| |||| 00| 0 hin d
024 _a165,091
037 _cTextual
040 _aARTS
_cARTS
_bhin
041 _2hin
_ahin
082 _aO152:1N5:9, L1
100 _aगुप्त, गंगा प्रसाद
245 0 _aआधुनिक काव्य
_b संदर्भ और प्रकृति
246 _aĀdhunik kāvya: sandarbha aur prakṛuti
260 _c1971
942 _hO152:1N5:9, L1
_cTEXL
_2CC
999 _c319570
_d319570